Villes de l'Inde - Mort Subite - Statistiques

Statistiques générales
  • Ce quiz a été pris 159 fois
  • Le résultat moyen est 7 sur 30
Answers on the Grid
Answers color-coded by a green-red scale on the quiz's grid according to % correct below.
New Delhi
Hyderabad
Pune
Pimpri
Bhiwandi
Kolkata
Chandernagor
Bangalore
Madras
Ghaziabad
Chandigarh
Ranchi
Visakhapatnam
Tiruchirappalli
Jammu
Kanpur
Jaipur
Lucknow
Jodhpur
Agra
Ahmedabad
Aurangabad
Buddh
Bombay
Benares
Meerut
Surat
Bhopal
Thiruvananthapuram
Nashik
Quota
Bandar
Mikhalchik
Lahore
Kandahar
Mardole
Kandy
Jalalabad
Phari
Chittagong
Samdrup Jongkhar
Cachemire
Pavu-Pimpri
Thimphou
Achgabat
Islamabad
Dragpur
Colombo
 
Statistiques - réponses
Réponse % Correct
New Delhi
70%
Bombay
66%
Jaipur
57%
Bangalore
40%
Kolkata
40%
Ahmedabad
39%
Hyderabad
38%
Pune
35%
Jodhpur
30%
Agra
28%
Madras
27%
Kanpur
22%
Bhopal
19%
Lucknow
18%
Chandernagor
17%
Thiruvananthapuram
17%
Benares
15%
Jammu
15%
Visakhapatnam
15%
Chandigarh
13%
Surat
13%
Aurangabad
8%
Meerut
6%
Ranchi
6%
Tiruchirappalli
6%
Bhiwandi
5%
Ghaziabad
5%
Buddh
3%
Nashik
3%
Pimpri
3%
Aucun quiz correspondant
Distribution des résultats
% des personnes avec chaque résultat
Percentile par nombre de réponses
Votre historique - résultats
Vous n’avez pas pris ce quiz